X-Men Mutant Wolverine Quiz - Statistics

General Stats
  • This quiz has been taken 255 times
  • The average score is 4 of 15
Answer Stats
Hint Answer % Correct
What type go metal is he injecting with? Adamantium
81%
Original mutant powers? Healing Factor/ Bone Claws
51%
What program gave Wolverine his adamantium skeleton? Weapon X
51%
What was the first war Wolverine served in? World War I
43%
How tall is Wolverine in the comics? 5'3"
38%
Who is Wolverine's son? Daken
23%
Other than Wolverine's Canadian citizenship what other possible citizenship does he have? Japan and/or Madripoor
21%
How much does Wolverine weigh? 195lbs w/o adamantium/300lbs w/adamantium
19%
What year was he born? 1888
11%
Wolverine's real name? James "Logan" Howeltt
10%
In the comic series "Old Man Logan" who killed Wolverine's wife, son, and daughter? Hulk Gang
8%
Wolverine's creators? Roy Thomas/Len Wein/John Romita Sr.
8%
Where was he born? Cold Lake, Alberta, Canada
7%
Who is Wolverine's father? Thomas Logan
6%
Who was Wolverine's first wife and mother of the answer above? Itsu
4%
No matching quizzes found
Score Distribution
Percent of People with Each Score
Percentile by Number Answered
Your Score History
You have not taken this quiz